Paroles de la musique de muche - Statistiques

Statistiques générales
  • Ce quiz a été pris 11 fois
  • Le résultat moyen est 88 sur 226
Statistiques - réponses
Réponse % Correct
l'
71%
m
71%
M
71%
s
71%
S
71%
a
57%
à
57%
c'
57%
chapeau,
57%
la
57%
La
57%
Le
57%
poly
57%
sa
57%
sans
57%
cheveux,
43%
Dans
43%
de
43%
Drama,
43%
drama,
43%
drama.
43%
du
43%
qui
43%
Team
43%
un
43%
Un
43%
zeketh,
43%
2
29%
aime
29%
Alan,
29%
anciens
29%
argent.
29%
aussi
29%
aux
29%
avec
29%
beau !
29%
beaucoup
29%
beaux
29%
Belgique
29%
bleu
29%
ça
29%
Canada
29%
chapeaux,
29%
cokiller,
29%
commu
29%
conseils
29%
défient
29%
des
29%
Des
29%
en
29%
entier,
29%
envoie
29%
est
29%
et
29%
f
29%
fait
29%
France
29%
gnome
29%
ils
29%
jeune
29%
jongler
29%
les
29%
leurs
29%
meilleure
29%
monde
29%
nain,
29%
niveaux
29%
On
29%
on
29%
plateformes
29%
plus
29%
pour
29%
Précision,
29%
précision,
29%
prof
29%
purges,
29%
r
29%
refreshings
29%
routiers,
29%
salons
29%
ses
29%
Shell,
29%
shell.
29%
skelerex
29%
sonic
29%
Stardam.
29%
streamers
29%
surtout...
29%
Troll,
29%
trolls
29%
twitch
29%
Twitch
29%
Twitch.
29%
urge.
29%
valent,
29%
vélo
29%
vision,
29%
ne
14%
oublier
14%
pas
14%
Aucun quiz correspondant
Distribution des résultats
% des personnes avec chaque résultat
Percentile par nombre de réponses
Votre historique - résultats
Vous n’avez pas pris ce quiz